Anagrammes Personnages Shameless - Statistiques

Statistiques générales
  • Ce quiz a été pris 429 fois
  • Le résultat moyen est 13 sur 15
Statistiques - réponses
Hint Réponse % Correct
Rkanf Frank
99%
Pli Lip
99%
Bedieb Debbie
97%
Clar Carl
96%
Noifa Fiona
96%
Kinve Kevin
96%
Nai Ian
95%
Amil Liam
92%
Raken Karen
88%
Cykmie Mickey
82%
Mymji Jimmy
80%
Cvaroine Veronica
79%
Leshai Sheila
70%
Talevans Svetlana
63%
Nydam Mandy
60%
Aucun quiz correspondant
Distribution des résultats
% des personnes avec chaque résultat
Percentile par nombre de réponses
Votre historique - résultats
Vous n’avez pas pris ce quiz